| 000 | 00481nam a2200169Ia 4500 | ||
|---|---|---|---|
| 999 |
_c26420 _d26420 |
||
| 003 | OSt | ||
| 005 | 20201224120053.0 | ||
| 008 | 190216s9999||||xx |||||||||||||| ||und|| | ||
| 040 | _coclc | ||
| 082 |
_a910 _bPOT/P |
||
| 100 |
_aPottekkat, S K _92068 |
||
| 245 | 0 |
_aPathira Sooryante Nattil / _cS K Pottekkat |
|
| 260 |
_bPoorna Publication, _aKozhikode: _c1982. |
||
| 300 | _a165p | ||
| 650 | _aYathravivaranam | ||
| 942 |
_cBK _2ddc _h910 _iPOT/P _k910 _mPOT/P |
||